书目信息 |
| 题名: |
“当代金融书法十五年”学术研讨会文集
|
|
| 作者: | 中国金融书法家协会主编 | |
| 分册: | ||
| 出版信息: | 武汉 湖北人民出版社 2018 |
|
| 页数: | 244页 | |
| 开本: | 26cm | |
| 丛书名: | ||
| 单 册: | ||
| 中图分类: | J292.1-53 | |
| 科图分类: | ||
| 主题词: | ||
| 电子资源: | ||
| ISBN: | 978-7-216-09476-4 | |
| 000 | 00874nam0 2200229 450 | |
| 001 | 012001006060 | |
| 005 | 20131015132905.0 | |
| 010 | @a978-7-216-09476-4@dCNY78.00 | |
| 100 | @a20190610d2018 em y0chiy50 ea | |
| 101 | 0 | @achi |
| 102 | @aCN@b420000 | |
| 105 | @aa z 000yy | |
| 106 | @ar | |
| 200 | 1 | @a“当代金融书法十五年”学术研讨会文集@b专著@e农行杯@f中国金融书法家协会主编 |
| 210 | @a武汉@c湖北人民出版社@d2018 | |
| 215 | @a244页@c图@d26cm | |
| 314 | @a主编:张鸣剑 | |
| 330 | @a收入中国金融书法家协会2017年举办的“当代金融书法15年”暨全国金融系统第一届“农行杯”学术研讨会一、二、三等奖论文及特邀作品、提名奖作品共42篇,总结有关创作理论和体会,回顾中国金融书法家协会15年的奋斗历程,充分展示了金融书协的辉煌业绩。 | |
| 610 | 0 | @a汉字@x书法@x学术会议@j文集 |
| 690 | @aJ292.1-53@v5 | |
| 801 | 2 | @aCN@b上海新华@c20191020 |
| 905 | @b1098626-9@dJ292.1-53@e609@f4 | |
| “当代金融书法十五年”学术研讨会文集:农行杯/中国金融书法家协会主编.-武汉:湖北人民出版社,2018 |
| 244页:图;26cm |
| ISBN 978-7-216-09476-4:CNY78.00 |
| 收入中国金融书法家协会2017年举办的“当代金融书法15年”暨全国金融系统第一届“农行杯”学术研讨会一、二、三等奖论文及特邀作品、提名奖作品共42篇,总结有关创作理论和体会,回顾中国金融书法家协会15年的奋斗历程,充分展示了金融书协的辉煌业绩。 |
| ● |
| 相关链接 |
|
|
|
|
正题名:"当代金融书法十五年"学术研讨会文集
索取号:J292.1-53/609
 
预约/预借
| 序号 | 登录号 | 条形码 | 馆藏地/架位号 | 状态 | 备注 |
| 1 | 1098626 | 210986263 | 第一样本阅览室/ [索取号:J292.1-53/609] | 在馆 | |
| 2 | 1098627 | 210986272 | 第一借阅区/ [索取号:J292.1-53/609] | 在馆 | |
| 3 | 1098628 | 210986281 | 第一借阅区/ [索取号:J292.1-53/609] | 在馆 | |
| 4 | 1098629 | 210986290 | 第一借阅区/ [索取号:J292.1-53/609] | 在馆 |